000 00205nam a22000857a 4500
008 170111b xxu||||| |||| 00| 0 eng d
100 _92327
_aGupta.V.
245 _aComputer Science-2
260 _bBrittanica
_c2010
999 _c5262
_d5262